| 000 | 01537cam a22003494a 4500 | ||
|---|---|---|---|
| 001 | 12682868 | ||
| 003 | OSt | ||
| 005 | 20240227131227.0 | ||
| 008 | 010409s2001 enka 000 0ceng | ||
| 010 | _a 2002318924 | ||
| 020 | _a0571209084 | ||
| 020 | _a9780571209088 | ||
| 035 | _a(UkLWHE)b000108841 | ||
| 040 |
_aDLC _cDLC _dDLC |
||
| 042 | _apcc | ||
| 050 | 0 | 0 |
_aND160 _b.M37 2001 |
| 082 | 0 | 0 |
_a759 _aB _221 _bMAR 2001 |
| 100 | 1 |
_aMarlow, Tim. _9121495 |
|
| 245 | 1 | 0 |
_aGreat artists : _bfrom Giotto to Turner / _cTim Marlow with Phil Grabsky and Philip Rance. |
| 260 |
_aLondon : _bFaber and Faber, _c2001. |
||
| 300 |
_a319 p. : _bcol. ill. ; _c25 cm. |
||
| 505 | 8 | _aMachine generated contents note: 1. Giotto 1267-1337 -- 2. Leonardo da Vinci 1452-1519 -- 3. Duirer 1471-1528 -- 4. Michelangelo 1475-1564 -- 5. Raphael 1483-1520 -- 6. Titian c.1487-1576 -- 7. Bruegel c.1524/30-69 -- 8. El Greco 1541-1614 -- 9. Rubens 1577-1640 -- 10. Velazquez 1599-1660 -- 11. Rembrandt 1606-69 -- 12. Vermeer 1632-75 -- 13. Turner 1775-1851. | |
| 650 | 0 |
_aPainters _vBiography. _9121496 |
|
| 650 | 0 |
_aPainting, Modern. _9121405 |
|
| 700 | 1 |
_aGrabsky, Phil. _9121497 |
|
| 700 | 1 |
_aRance, Philip. _9121498 |
|
| 856 | 4 | 1 |
_3Table of contents _uhttp://www.loc.gov/catdir/toc/fy02/2002318924.html |
| 906 |
_a7 _bcbc _corigres _d2 _encip _f20 _gy-gencatlg |
||
| 942 |
_2ddc _cBK _aSADA _k759 MAR 2001 |
||
| 999 |
_c608345 _d608345 |
||